| 000 | 00399 a2200169 4500 | ||
|---|---|---|---|
| 001 | 68787 | ||
| 020 | _a | ||
| 040 | _cAnchieta - Itaigara | ||
| 100 | _aCasasanta, Therezinha | ||
| 240 | 1 | 0 |
_aGirafinha flor faz uma descoberta _lpor |
| 245 | 1 | 0 | _aGirafinha flor faz uma descoberta |
| 300 | _a22 | ||
| 362 | 0 | _a1996 | |
| 440 | 1 | _aEditora do Brasil | |
| 650 | 4 | _aLiteratura infantil | |
| 942 | _cBK | ||
| 999 |
_c68787 _d68787 |
||